Радиационная стойкость гетероструктур AlGaInP с множественными квантовыми ямами: автореферат диссертации на соискание ученой степени кандидата технических наук; спец. 01.04.07

Detalles Bibliográficos
Autor Principal: Орлова К. Н. Ксения Николаевна
Autor Corporativo: Национальный исследовательский Томский политехнический университет (ТПУ) Юргинский технологический институт (ЮТИ)
Outros autores: Градобоев А. В. Александр Васильевич (научный руководитель)
Summary:Заглавие с титульного экрана
Электронная версия печатной публикации
Idioma:ruso
Publicado: Томск, 2013
Subjects:
Acceso en liña:http://www.lib.tpu.ru/fulltext/a/2013/65.pdf
Formato: MixedMaterials Electrónico Libro
KOHA link:https://koha.lib.tpu.ru/cgi-bin/koha/opac-detail.pl?biblionumber=244339

MARC

LEADER 00000nlm0a2200000 4500
001 244339
005 20231101232036.0
035 |a (RuTPU)RU\TPU\book\265722 
090 |a 244339 
100 |a 20131021d2013 k y0rusy50 ca 
101 0 |a rus 
102 |a RU 
105 |a a dm 001zy 
135 |a drcn ---uucaa 
181 0 |a i  
182 0 |a b 
200 1 |a Радиационная стойкость гетероструктур AlGaInP с множественными квантовыми ямами  |b Электронный ресурс  |e автореферат диссертации на соискание ученой степени кандидата технических наук  |e спец. 01.04.07  |f К. Н. Орлова  |g Национальный исследовательский Томский политехнический университет (ТПУ), Юргинский технологический институт (ЮТИ) ; науч. рук. А. В. Градобоев 
203 |a Текст  |c электронный 
210 |a Томск  |d 2013 
215 |a 1 файл (472 Kb) 
230 |a Электронные текстовые данные (1 файл : 472 Kb) 
300 |a Заглавие с титульного экрана 
300 |a Электронная версия печатной публикации 
337 |a Adobe Reader 
452 1 |0 (RuTPU)RU\TPU\book\267360  |t Радиационная стойкость гетероструктур AlGaInP с множественными квантовыми ямами  |o автореферат диссертации на соискание ученой степени кандидата технических наук  |o спец. 01.04.07  |f К. Н. Орлова  |g Национальный исследовательский Томский политехнический университет (ТПУ), Юргинский технологический институт (ЮТИ) ; науч. рук. А. В. Градобоев  |c Томск  |d 2013  |p 21 с.  |a Орлова, Ксения Николаевна 
606 1 |a Полупроводники  |x Оптические свойства  |2 stltpush  |3 (RuTPU)RU\TPU\subj\50577  |9 69230 
610 1 |a авторефераты диссертаций 
610 1 |a электронный ресурс 
610 1 |a труды учёных ТПУ 
610 1 |a физика 
610 1 |a гетероструктуры 
610 1 |a квантовые ямы 
610 1 |a светодиоды 
610 1 |a радиационная стойкость 
610 1 |a облучение 
610 1 |a гамма-кванты 
610 1 |a быстрые нейтроны 
675 |a 537.311.322:535(04)  |v 3 
686 |a 01.04.07  |2 oksvnk 
700 1 |a Орлова  |b К. Н.  |c специалист в области радиационной стойкости полупроводниковых приборов  |c аспирант, ассистент Юргинского технологического института (филиала) Томского политехнического университета  |f 1985-  |g Ксения Николаевна  |2 stltpush  |3 (RuTPU)RU\TPU\pers\28212 
702 1 |a Градобоев  |b А. В.  |c российский физик  |c профессор Юргинского технологического института (филиала) Томского политехнического университета, доктор технических наук  |f 1952-  |g Александр Васильевич  |2 stltpush  |3 (RuTPU)RU\TPU\pers\24213  |4 727 
712 0 2 |a Национальный исследовательский Томский политехнический университет (ТПУ)  |b Юргинский технологический институт (ЮТИ)  |c (2009- )  |2 stltpush  |3 (RuTPU)RU\TPU\col\15903 
801 2 |a RU  |b 63413507  |c 20140317  |g RCR 
856 4 |u http://www.lib.tpu.ru/fulltext/a/2013/65.pdf 
942 |c CF